000 00490nam a2200181Ia 4500
999 _c28674
_d28674
003 OSt
005 20201208154717.0
008 190216s9999||||xx |||||||||||||| ||und||
020 _a9788171309924
040 _coclc
082 _a894.8124
_bDEV/D
100 _aDevan, M V
_97024
245 0 _aDevaspandanam /
_cM V Devan
260 _bDc Books,
_aKottayam:
_c2005.
300 _a644p
650 _aLekhanam
942 _cBK
_2ddc
_h894.8124
_iDEV/D
_k894.8124
_mDEV/D